00710nam a2200193Ia 4500003000900000008004100009020001800050040001600068080001800084245010000102260004800202300001600250650004100266650002900307700003600336942000700372999001500379952012200394IN-BaIIA211028s9999 xx 000 0 eng d a0-521-25620-8 cIIA Library a524.3-64bMET 0aMethods in radiative transfercedited by Wolfgang Kalkofen  aCambridgebCambridge University Pressc1984 aviii, 450p. aAstronomy and astrophysics thesaurus aRadiative transfer91568 aKalkofen, Wolfgang, ed.,913322 cBK c7899d7899 00104070aBANbBANcGENd1984-07-05g366.75l0o524.3-64/ METp8722r2021-11-05v366.75w1984-07-05yBKGRs. 366.75